000 00313 a2200157 4500
001 192370
020 _a978-85-326-5164-8
040 _cMagnum
100 _aAlencar, José de
240 1 0 _aIracema
_lpor
245 1 0 _aIracema
300 _a198
362 0 _a2016
697 _aLITERATURA GERAL
942 _cBK
999 _c192370
_d192370